| 000 | 00000nam 2200000zi 4500 |
| 001 | 9.954208 |
| 003 | CaOODSP |
| 005 | 20250819133034 |
| 006 | m o d f |
| 007 | cr mn |||||||| |
| 008 | 250818e20180418oncd obs f000 0 fre d |
| 040 | |aCaOODSP|bfre|erda|cCaOODSP |
| 043 | |an-cn--- |
| 086 | 1 |aCS82-003/2018-4-2F-PDF |
| 100 | 1 |aBushnik, Tracey, |eauteur. |
| 245 | 12|aL’espérance de vie ajustée sur la santé au Canada / |cpar Tracey Bushnik, Michael Tjepkema et Laurent Martel. |
| 264 | 1|a[Ottawa] : |bStatistique Canada = Statistics Canada, |cle 18 avril 2018. |
| 264 | 4|c©2018 |
| 300 | |a1 ressource en ligne (pages 15-25) : |bgraphiques. |
| 336 | |atexte|btxt|2rdacontent/fre |
| 337 | |ainformatique|bc|2rdamedia/fre |
| 338 | |aressource en ligne|bcr|2rdacarrier/fre |
| 490 | 1 |aRapports sur la santé, |x1209-1375 ; |vvol. 29, no. 4, [2] |
| 500 | |aTitre de la couverture. |
| 500 | |aPublié aussi en anglais sous le titre : Health-adjusted life expectancy in Canada. |
| 504 | |aComprend des références bibliographiques (pages 23-24). |
| 520 | 3 |a« Au cours du dernier siècle, l’espérance de vie à la naissance au Canada a connu une croissance marquée. Cependant, l’augmentation du nombre d’années de vie ne nous renseigne pas sur l’amélioration de la qualité de vie » -- Résumé, page 15. |
| 650 | 6|aEspérance de vie|xDifférences entre sexes|vStatistiques. |
| 650 | 6|aEspérance de vie|zCanada|vStatistiques. |
| 655 | 7|aStatistiques|2rvmgf |
| 710 | 2 |aStatistique Canada, |eorganisme de publication. |
| 775 | 08|tHealth-adjusted life expectancy in Canada / |w(CaOODSP)9.954207 |
| 830 | #0|aRapports sur la santé (Collection)|x1209-1375 ; |vvol. 29, no. 4, [2].|w(CaOODSP)9.950257 |
| 856 | 40|qPDF|s583 Ko|uhttps://publications.gc.ca/collections/collection_2025/statcan/82-003-x/CS82-003-2018-4-2-fra.pdf |
| 856 | 4 |qHTML|sS.O.|uhttps://www150.statcan.gc.ca/n1/pub/82-003-x/2018004/article/54950-fra.htm |